000 00781nam a2200265Ia 4500
003 OSt
005 20220924123601.0
006 a|||||r|||| 00| 0
007 ta
008 220923b |||||||| |||| 00| 0 san d
020 _a9788124605844 (hbk)
020 _c750
024 _a259535
037 _b240, 30/09/2011, Eastern Book Linkers
_cTextual
040 _aARTS
_cARTS
_bsan
041 _2san
_asan
082 _aR645x5,1, P4
100 _aPandurangi K T
_938028
245 0 _aPrakaranapancika of Salikanatha
260 _aNew Delhi
_b D.K. Printworld India
_c2011
300 _axxxiii,474p.
_ccm.
650 _aPHILOSOPHY
942 _hR645x5,1, P4
_cTEXL
_2CC
999 _c416325
_d416325